| 000 | 00445nam a2200169Ia 4500 | ||
|---|---|---|---|
| 005 | 20240924084604.0 | ||
| 008 | 240126s9999 xx 000 0 und d | ||
| 020 | _a9788126504664 | ||
| 082 | _a001.6424UML ERI;1 R | ||
| 100 | _aEriksson, Hans-Erik. Penker, Magnus. Lyons, Brian ...[et al.] | ||
| 245 | 0 | _aUML2 tool kit | |
| 260 |
_bJohn Wiley, _aNew Delhi |
||
| 300 | _axvi, 511 | ||
| 440 | _aNULL | ||
| 650 | _aUML2,tool | ||
| 942 | _cPU | ||
| 999 |
_c282496 _d282496 |
||